[Event "5th Rohde Open"]
[Site "Sautron FRA"]
[Date "2005.10.25"]
[Round "4"]
[White "Rate,B"]
[Black "Benitah,Y"]
[Result "0-1"]
[WhiteElo "2104"]
[BlackElo "2409"]

1.d4 d5 2.c4 e6 3.Nc3 c6 4.e3 Nf6 5.Nf3 Nbd7 6.Bd3 dxc4 7.Bxc4 Bd6 8.e4 e5
9.O-O O-O 10.Bg5 h6 11.Bh4 Qe7 12.a3 Rd8 13.Qe2 exd4 14.Nxd4 Nb6 15.Rad1 Nxc4
16.Qxc4 Bxh2+ 17.Kxh2 Ng4+ 18.Kg3 g5 19.Nf5 Qc7+ 20.Kxg4 Qf4+  0-1

[Event "Essent Open"]
[Site "Hoogeveen NED"]
[Date "2005.10.26"]
[Round "6"]
[White "Archangelsky,M"]
[Black "Meijer,D"]
[Result "0-1"]
[WhiteElo "2293"]
[BlackElo "2226"]

1.d4 d5 2.c4 e6 3.Nc3 c6 4.e3 Nf6 5.Nf3 Nbd7 6.Qc2 dxc4 7.Bxc4 b5 8.Be2 a6
9.e4 c5 10.dxc5 Bxc5 11.e5 Ng4 12.O-O Bb7 13.Bf4 Rc8 14.Qd2 Qb6 15.Rad1 O-O
16.Qxd7 Rcd8 17.Na4 bxa4 18.Qxa4 Nxf2 19.Rxd8 Qxd8 20.Rxf2 Qb6 21.Bg3 Qxb2
22.Bf1 Rb8 23.Qh4 Bd5 24.Kh1 Qc1 25.Qg5 Be3  0-1

[Event "USCL"]
[Site "ICC INT"]
[Date "2005.10.26"]
[Round "9"]
[White "Ramirez,Alej"]
[Black "Bhat,V"]
[Result "1/2-1/2"]
[WhiteElo "2479"]
[BlackElo "2429"]

1.d4 d5 2.c4 e6 3.Nc3 c6 4.Nf3 Nf6 5.e3 Nbd7 6.Qc2 Bd6 7.b3 a6 8.Bd3 e5 9.cxd5 cxd5
10.dxe5 Nxe5 11.Nxe5 Bxe5 12.Bb2 Bd7 13.Ne2 Rc8 14.Qd2 Qe7 15.Bxe5 Qxe5 16.Nd4 O-O
17.O-O Qd6 18.Rad1 Rfe8 19.Bb1 Re5 20.Ne2 Bb5 21.Bd3 Bc6 22.Ng3 Ree8 23.Bf5 Rcd8
24.Qd4 g6 25.Bb1 Nd7 26.Qh4 Nc5 27.b4 Nd7 28.Rd4 Qe5 29.Rf4 Nf8 30.Rd1 Ne6
31.Rg4 Ba4 32.Rf1 Bb5 33.Re1 Qc3 34.Rd1 Ba4 35.Rf1 Bb5 36.Rd1 Ba4  1/2-1/2

[Event "Essent Open"]
[Site "Hoogeveen NED"]
[Date "2005.10.27"]
[Round "7"]
[White "Naumkin,I"]
[Black "L'Ami,E"]
[Result "1/2-1/2"]
[WhiteElo "2445"]
[BlackElo "2541"]

1.d4 d5 2.c4 c6 3.Nf3 Nf6 4.Nc3 e6 5.e3 Nbd7 6.Qc2 Bd6 7.Bd3 O-O 8.O-O dxc4
9.Bxc4 a6 10.a4 c5 11.h3 Qc7 12.Bd3 b6 13.Ng5 h6 14.Nge4 cxd4 15.Nxd6 Qxd6
16.exd4 Bb7 17.Rd1 Qc6 18.Bf1 Nd5 19.Qd3 N7f6 20.Nxd5 Qxd5 21.Qg3 Kh8 22.Qe5 Nd7
23.Qg3 Nf6 24.Qe5 Kh7 25.Bd3+ Kg8 26.Bf1 Ne4 27.Be3 Rfc8 28.Rac1 Qb3 29.d5 Bxd5
30.Rd3 Qxa4 31.Rd4 Qb3 32.Rxc8+ Rxc8 33.Rxe4 Bxe4 34.Bd4 Kf8 35.Qxe4 Rc1
36.Qa8+ Ke7 37.Qb7+ Ke8 38.Qa8+ Kd7 39.Qb7+ Ke8 40.Qa8+ Kd7 41.Qb7+  1/2-1/2

[Event "Essent Open"]
[Site "Hoogeveen NED"]
[Date "2005.10.27"]
[Round "7"]
[White "Hasanova,E"]
[Black "Vul,A"]
[Result "1/2-1/2"]
[WhiteElo "2342"]
[BlackElo "2423"]

1.d4 d5 2.c4 e6 3.Nc3 c6 4.e3 Nf6 5.Nf3 Nbd7 6.Qc2 Bd6 7.Bd3 dxc4 8.Bxc4 e5
9.O-O O-O 10.h3 Qe7 11.Bb3 b6 12.Rd1 Ba6 13.e4 Bb4 14.dxe5 Nxe5 15.Nd4 Bxc3  1/2-1/2

[Event "5th Rohde Open"]
[Site "Sautron FRA"]
[Date "2005.10.27"]
[Round "6"]
[White "Benitah,Y"]
[Black "Borovikov,V"]
[Result "0-1"]
[WhiteElo "2409"]
[BlackElo "2576"]

1.d4 d5 2.c4 c6 3.e3 Nf6 4.Nc3 e6 5.Nf3 Nbd7 6.Qc2 Bd6 7.g4 Bb4 8.Bd2 Qe7
9.Rg1 Bxc3 10.Bxc3 Ne4 11.Bd3 Nxc3 12.Qxc3 dxc4 13.Bxc4 O-O 14.O-O-O b6 15.Rg3 Bb7
16.Bd3 Rac8 17.e4 Rfd8 18.g5 c5 19.d5 c4 20.Bc2 exd5 21.exd5 Nc5 22.Kb1 Nd3
23.Nd4 Rxd5 24.Re3 Qd7 25.Bxd3 cxd3 26.Qxd3 g6 27.a3 Rd8 28.Re4 Rxg5 29.Rh4 Rg4
30.Rxg4 Qxg4 31.Kc1 Qf4+ 32.Qe3 Qxh2  0-1

[Event "Essent Open"]
[Site "Hoogeveen NED"]
[Date "2005.10.28"]
[Round "8"]
[White "Schuurman,P"]
[Black "Wempe,Jo"]
[Result "0-1"]
[WhiteElo "2279"]
[BlackElo "2221"]

1.d4 d5 2.c4 c6 3.Nc3 Nf6 4.Nf3 e6 5.e3 Nbd7 6.Bd3 dxc4 7.Bxc4 b5 8.Bb3 b4
9.Ne2 Bb7 10.Ng3 Ba6 11.e4 c5 12.e5 Nd5 13.Ne4 Be7 14.Bg5 O-O 15.h4 Kh8 16.dxc5 f6
17.exf6 N7xf6 18.Nxf6 gxf6 19.Qd4 Rc8 20.Rc1 Qa5 21.c6 Qb5 22.Bc4 Qxc6 23.b3 Nc3
24.Be3 Bxc4 25.Qxc4 Qd6 26.Qd4 Qa6 27.Qd2 Rfd8 28.Qb2 Qd3 29.Qd2 Qg6 30.Bd4 Qxg2
31.Rg1 Qxf3 32.Rxc3 bxc3 33.Qg5 Rg8  0-1

[Event "Open A"]
[Site "Liberec CZE"]
[Date "2005.10.28"]
[Round "8"]
[White "Golcman,E"]
[Black "Trichkov,V"]
[Result "1/2-1/2"]
[WhiteElo "2311"]
[BlackElo "2333"]

1.c4 Nf6 2.Nc3 c6 3.d4 d5 4.e3 e6 5.Nf3 Nbd7 6.Bd3 Bd6 7.O-O O-O 8.e4 dxe4
9.Nxe4 Nxe4 10.Bxe4 Nf6 11.Bc2 h6 12.b3 b6 13.Bb2 Bb7 14.Qe2 Re8 15.Rad1 Qc7
16.Ne5 Rad8 17.Kh1 Bxe5 18.dxe5 Nh7 19.c5 bxc5 20.Bxh7+ Kxh7 21.Qc2+ Kg8
22.Qxc5 Qb6 23.Bd4 Qxc5 24.Bxc5 Rd5  1/2-1/2

[Event "5th Rohde Open"]
[Site "Sautron FRA"]
[Date "2005.10.28"]
[Round "7"]
[White "Tratar,M"]
[Black "Rate,B"]
[Result "1-0"]
[WhiteElo "2440"]
[BlackElo "2104"]

1.d4 d5 2.Nf3 Nf6 3.c4 c6 4.e3 e6 5.Nc3 Nbd7 6.Qc2 Bd6 7.Bd3 Qe7 8.O-O O-O
9.Rd1 dxc4 10.Bxc4 e5 11.h3 exd4 12.exd4 Nb6 13.Re1 Qd8 14.Bb3 Nbd5 15.Bg5 Qa5
16.Ne5 Be6 17.Bxf6 Nxf6 18.Bxe6 fxe6 19.Qb3 Nd5 20.Qxb7 Nxc3 21.bxc3 Qxc3
22.Qd7 Qxd4 23.Qxe6+ Kh8 24.Nf7+ Rxf7 25.Qxf7 Rf8 26.Rad1 Qc5 27.Rxd6 Qxd6
28.Re8  1-0

[Event "5th Rohde Open"]
[Site "Sautron FRA"]
[Date "2005.10.28"]
[Round "7"]
[White "Bailet,P"]
[Black "Bioret,N"]
[Result "0-1"]
[WhiteElo "1948"]
[BlackElo "2147"]

1.d4 d5 2.c4 c6 3.Nf3 Nf6 4.Nc3 e6 5.e3 Nbd7 6.Qc2 Bd6 7.b3 O-O 8.Bb2 e5
9.cxd5 cxd5 10.dxe5 Nxe5 11.Be2 Bg4 12.Nxe5 Bxe5 13.O-O Rc8 14.Bxg4 Nxg4
15.h3 Qh4 16.Qd3 Bh2+ 17.Kh1 Nxf2+ 18.Rxf2 Qxf2 19.Ba3 Be5  0-1

[Event "Essent Open"]
[Site "Hoogeveen NED"]
[Date "2005.10.29"]
[Round "9"]
[White "Archangelsky,M"]
[Black "Holscher,P"]
[Result "1/2-1/2"]
[WhiteElo "2293"]
[BlackElo "2069"]

1.d4 d5 2.c4 e6 3.Nc3 c6 4.e3 Nf6 5.Nf3 Nbd7 6.Qc2 Be7 7.Bd3 dxc4 8.Bxc4 b5
9.Bd3 Bb7 10.e4 a6 11.e5 Nd5 12.Nxd5 cxd5 13.O-O Rc8 14.Qe2 Qb6 15.Be3 Nf8
16.Rfc1 Rxc1+ 17.Rxc1 Ng6 18.g3 Kd7 19.h4 Rc8 20.h5 Nf8 21.Rxc8 Bxc8 22.Nh2 f5
23.exf6 Bxf6 24.Qg4 Qd8 25.Nf3 Kc6 26.Ne5+ Kb7 27.Qf4 Qe7 28.Ng4 Bd7 29.Bd2 Be8
30.h6 Bg6 31.hxg7 Bxg7 32.Bf1 Be4 33.Ne5 Ng6 34.Nxg6 Bxg6 35.Bh3 e5 36.dxe5 Bxe5
37.Qf3 Be4 38.Qb3 Qf6 39.Bg2 Bxb2 40.Bxe4 dxe4 41.Qd5+ Qc6 42.Qf7+ Qc7 43.Qd5+ Qc6
44.Qf7+  1/2-1/2

[Event "5th Rohde Open"]
[Site "Sautron FRA"]
[Date "2005.10.29"]
[Round "8"]
[White "Chatalbashev,B"]
[Black "Fougerit,V"]
[Result "1-0"]
[WhiteElo "2491"]
[BlackElo "2164"]

1.d4 Nf6 2.c4 e6 3.Nf3 d5 4.Nc3 c6 5.e3 Nbd7 6.Bd3 dxc4 7.Bxc4 b5 8.Bd3 b4
9.Ne4 Nxe4 10.Bxe4 Bb7 11.Qa4 Qb6 12.Nd2 Rc8 13.O-O Ba6 14.Rd1 Bb5 15.Qc2 c5
16.d5 Nf6 17.dxe6 fxe6 18.Bd3 Bxd3 19.Qxd3 Rd8 20.Qc2 Be7 21.b3 O-O 22.Bb2 Qb7
23.e4 Rf7 24.f3 c4 25.Nxc4 Nh5 26.Rxd8+ Bxd8 27.Rd1 Be7 28.Be5 Bc5+ 29.Kf1 h6
30.Bd6 Nf4 31.Qd2 Bxd6 32.Qxd6 Kh7 33.h4 Qb5 34.Qe5 Qb7 35.h5 Rf6 36.Rd8 Qb6
37.Rd2 Qb7 38.Kf2 Qf7 39.Rd8 Nxg2 40.Kxg2 Rxf3 41.Rd2 Rf1 42.Qg3 Rf6 43.e5 Qb7+
44.Kh2 Rf8 45.Nd6  1-0

[Event "5th Rohde Open"]
[Site "Sautron FRA"]
[Date "2005.10.29"]
[Round "8"]
[White "Makarov,M"]
[Black "Benitah,Y"]
[Result "1-0"]
[WhiteElo "2511"]
[BlackElo "2409"]

1.Nf3 d5 2.d4 Nf6 3.c4 c6 4.Nc3 e6 5.e3 Nbd7 6.Qc2 Bd6 7.b3 O-O 8.Bd3 dxc4
9.bxc4 e5 10.O-O Qe7 11.Ng5 h6 12.Nge4 Bc7 13.d5 a6 14.a4 c5 15.Ng3 g6 16.e4 Kg7
17.a5 Ne8 18.Be3 h5 19.Qd2 Rh8 20.Nge2 h4 21.Nc1 Bd6 22.Nb3 Nef6 23.f3 Qf8
24.Bf2 Qe7 25.Be3 Qf8 26.Kf2 Nh5 27.Ke1 f6 28.Kd1 g5 29.Kc2 Nf4 30.Na4 b6
31.axb6 Bb7 32.Na5 Rb8 33.Rfb1 Qf7 34.Bf1 g4 35.fxg4 Qg6 36.Nc3 Qxg4 37.Qd1 Qg6
38.Qf3 f5 39.g3 hxg3 40.Qxg3 Qxg3 41.hxg3 Rh2+ 42.Bd2 Nh5 43.Nxb7 Rxb7 44.Rxa6 Bb8
45.exf5 Nxg3 46.Bd3 Nf6 47.Rg1 e4 48.Nxe4 Nxe4 49.Bxe4 Bf4 50.Rg2  1-0

[Event "25th An FMA"]
[Site "Madrid ESP"]
[Date "2005.10.30"]
[Round "3"]
[White "Mirzoev,A"]
[Black "Serrano Salvador,E"]
[Result "1-0"]
[WhiteElo "2520"]
[BlackElo "2348"]

1.d4 d5 2.c4 c6 3.Nf3 Nf6 4.e3 e6 5.Nc3 Nbd7 6.Qc2 Bd6 7.g4 Nxg4 8.Rg1 Qf6
9.Rxg4 Qxf3 10.Rxg7 Nf8 11.Rg2 Ng6 12.Qe2 Qxe2+ 13.Bxe2 dxc4 14.Bxc4 e5 15.Ne4 Bc7
16.Bd2 exd4 17.Bb4 Be5 18.f4 a5 19.Bc5 b5 20.fxe5 bxc4 21.Nd6+ Kd7 22.Nxc4 Ke6
23.Bxd4 c5 24.Bc3 Ba6 25.Nd6 Rhg8 26.O-O-O Nxe5 27.Rxg8 Rxg8 28.Ne4 Nd3+
29.Rxd3 Bxd3 30.Nxc5+ Kd5 31.Nxd3 Ke4 32.Ne1 a4 33.Kd2 Rg1 34.Ke2 h5 35.b3 axb3
36.axb3 Rg8 37.Nd3 Rg2+ 38.Nf2+ Kf5 39.h3 Rg8 40.b4 Ke6 41.Bd4 Kd5 42.b5 f5
43.Nd3 Ke4 44.b6 Rg2+ 45.Nf2+ Kd5 46.b7  1-0

[Event "Corsica Masters Open"]
[Site "Bastia FRA"]
[Date "2005.10.31"]
[Round "3"]
[White "Brunner,N"]
[Black "Korneev,O"]
[Result "0-1"]
[WhiteElo "2392"]
[BlackElo "2601"]

1.d4 d5 2.c4 c6 3.Nf3 Nf6 4.Nc3 e6 5.e3 Nbd7 6.Bd3 dxc4 7.Bxc4 b5 8.Be2 Bb7
9.O-O a6 10.e4 c5 11.e5 Nd5 12.a4 b4 13.Ne4 h6 14.Re1 Rc8 15.b3 Be7 16.Bb2 O-O
17.Qd2 a5 18.Rac1 Qb6 19.Bb5 Bc6 20.Bxc6 Qxc6 21.Rc2 Qa6 22.dxc5 Nxc5 23.Nxc5 Rxc5
24.Rec1 Rxc2 25.Qxc2 Rb8 26.g3 Bg5 27.Rd1 Rc8 28.Qe4 Nc3 29.Bxc3 bxc3 30.Nd4 Qb6
31.Qc2 Be7 32.Nb5 Bb4 33.Rd3 g6 34.Nd6 Rc5 35.Nc4 Qc6 36.h3 Kg7 37.Qe2 Rd5
38.Qc2 Qd7 39.Rxd5 Qxd5  0-1

[Event "Corsica Masters Prelim"]
[Site "Bastia FRA"]
[Date "2005.11.03"]
[Round "2"]
[White "Malakhatko,V"]
[Black "Fressinet,L"]
[Result "0-1"]
[WhiteElo "2570"]
[BlackElo "2624"]

1.d4 d5 2.c4 c6 3.Nc3 Nf6 4.e3 e6 5.Nf3 Nbd7 6.Bd3 Bd6 7.O-O O-O 8.e4 dxc4
9.Bxc4 e5 10.Bg5 Qe7 11.Re1 Rd8 12.d5 Nb6 13.Bb3 h6 14.Bh4 Bc5 15.h3 Nbd7
16.Qc2 Nf8 17.Bg3 Ng6 18.Bh2 Bd7 19.Rad1 Rac8 20.a3 Bd6 21.dxc6 Bxc6 22.Qb1 Bc5
23.Nd5 Bxd5 24.exd5 e4 25.Nd2 e3 26.fxe3 Bd6 27.Bxd6 Qxd6 28.Nf3 Re8 29.Nd4 Nh4
30.Re2 Qg3 31.Qd3 Re4 32.Rf1 Rce8 33.Nf3 Nf5 34.Rfe1 Nd6 35.Nd2 Rh4 36.Nf1 Qg5
37.e4 Rhxe4 38.Rxe4 Rxe4 39.Rxe4 Nfxe4 40.Qd4 Qc1 41.Bd1 b6 42.Be2 Qe1 43.Bd3 Nc5
44.Bc2 Nd7 45.Qe3 f5 46.Bb3 g6 47.Ba2 Nc5 48.a4 Nb5 49.Qd4 Nxd4  0-1

[Event "World Team Ch"]
[Site "Beer Sheva ISR"]
[Date "2005.11.04"]
[Round "4"]
[White "Bareev,E"]
[Black "Karjakin,Sergey"]
[Result "1/2-1/2"]
[WhiteElo "2675"]
[BlackElo "2658"]

1.d4 d5 2.c4 c6 3.Nc3 Nf6 4.e3 e6 5.Nf3 Nbd7 6.Bd3 dxc4 7.Bxc4 b5 8.Bd3 a6
9.e4 c5 10.e5 cxd4 11.Nxb5 axb5 12.exf6 gxf6 13.O-O Qb6 14.Qe2 Ba6 15.a4 Nc5
16.axb5 Bb7 17.Rxa8+ Bxa8 18.Nxd4 Qd6 19.b6 Nxd3 20.Qxd3 Qxb6 21.Be3 Qb7
22.f3 Be7 23.Bh6 Bf8 24.Be3 Be7 25.Bh6 Bf8 26.Nf5 Qd5 27.Qxd5 Bxd5 28.Bxf8 Rxf8
29.Ne3 Bc6 30.Rc1 Bd7 31.Rc7 Ke7 32.Rb7 Rc8 33.b3 Kd8 34.Ng4 Ke7 35.Nxf6 Kxf6
36.Rxd7 Rc3 37.Rb7 h5 38.h4 Kg6 39.b4 Rb3 40.Rb8 Rb2 41.b5 Kg7 42.b6 e5 43.b7 f5
44.Kf1 e4 45.Ke1 Kh7 46.Kd1 Kg7 47.Kc1 Rb6 48.Kd2 Rb5 49.Kc3 Rb6 50.Kd4 Rb5
51.Kc4 Rb1 52.Kd5 e3 53.Re8 Rxb7 54.Rxe3 Rb2 55.Ke5 Rxg2 56.Kxf5 Rg3 57.Ra3 Kh6
58.Kf4 Rh3 59.Ke4  1/2-1/2

[Event "TCh-CZE Extraliga 2005-6"]
[Site "Czech Rep CZE"]
[Date "2005.11.05"]
[Round "3"]
[White "Pesout,J"]
[Black "Kopal,J"]
[Result "1-0"]
[WhiteElo "2253"]
[BlackElo "2308"]

1.d4 d5 2.c4 c6 3.Nc3 Nf6 4.Nf3 e6 5.e3 Bd6 6.Bd3 Nbd7 7.O-O O-O 8.e4 dxc4
9.Bxc4 e5 10.d5 Nb6 11.Bb3 h6 12.dxc6 bxc6 13.Qe2 a5 14.Rd1 a4 15.Bc2 Qe7
16.Be3 Bc5 17.Bd3 Bg4 18.Rac1 Bd4 19.h3 Bxf3 20.Qxf3 Rfb8 21.Ne2 c5 22.Ng3 Qe6
23.Nf5 Bxe3 24.Qxe3 c4 25.Be2 Rd8 26.Qg3 Ne8 27.Qc3 Rxd1+ 28.Rxd1 Kh7 29.Ne3 Nd6
30.Qb4 Ne8 31.Bxc4 Nxc4 32.Qxc4 Qxc4 33.Nxc4 Rb8 34.a3 Nf6 35.f3 Nh5 36.Rd5 f6
37.Ra5 Rd8 38.Rxa4 Rd4 39.b3 Kg6 40.Ra6 Kg5 41.Rd6 Kf4 42.Kf2 Ng3 43.Rxd4 exd4
44.a4 d3 45.a5 f5 46.exf5 Nxf5 47.g3+ Nxg3 48.a6 h5 49.a7 Nf5 50.a8=Q Kg5
51.Qd5 d2 52.b4 g6 53.Ne3 Kh4 54.Nxf5+ gxf5 55.Qxd2  1-0

[Event "TCh-CZE Extraliga 2005-6"]
[Site "Czech Rep CZE"]
[Date "2005.11.05"]
[Round "3"]
[White "Marsalek,Z"]
[Black "Schula,M"]
[Result "1/2-1/2"]
[WhiteElo "2238"]
[BlackElo "2245"]

1.d4 d5 2.Nf3 c6 3.c4 Nf6 4.Nc3 e6 5.e3 a6 6.a4 Nbd7 7.Be2 Bd6 8.O-O O-O
9.h3 Ne4 10.Nxe4 dxe4 11.Nd2 f5 12.f3 exf3 13.Nxf3 e5 14.b4 e4 15.Nd2 Nf6
16.c5 Bc7 17.Bc4+ Nd5 18.Qe2 Be6 19.Bxd5 cxd5 20.Rd1 Qg5 21.Nf1 Rf6 22.Bd2 Raf8
23.Ra3 Qh6 24.c6 b6 25.Qxa6 g5 26.Qb7 R6f7 27.a5 bxa5 28.bxa5 g4 29.h4 Bc8
30.Qb5 Qxh4 31.a6 Rf6 32.Be1 g3 33.Bxg3 Bxg3 34.Nxg3 Qxg3 35.a7 f4 36.a8=Q f3
37.Qxd5+ Kh8 38.Ra2 f2+ 39.Kf1 Qh2 40.Qxe4 Qg1+ 41.Ke2 f1=Q+ 42.Rxf1 Qxf1+
43.Kd2 Rf2+ 44.Kc3 Qc1+ 45.Kb4 Rb2+ 46.Rxb2 Qxb2+ 47.Kc5 Qc3+ 48.Kb5 Qb3+
49.Kc5 Qc3+  1/2-1/2

[Event "1st Open"]
[Site "Piacenza ITA"]
[Date "2005.11.05"]
[Round "3"]
[White "Maksimenko,A"]
[Black "Gromovs,S"]
[Result "1-0"]
[WhiteElo "2501"]
[BlackElo "2302"]

1.d4 d5 2.c4 c6 3.Nf3 Nf6 4.Nc3 e6 5.e3 Bd6 6.Bd3 Nbd7 7.O-O O-O 8.Qc2 dxc4
9.Bxc4 e5 10.Bb3 Qe7 11.Bd2 e4 12.Ng5 Bxh2+ 13.Kxh2 Ng4+ 14.Kg1 Qxg5 15.Qxe4 Ndf6
16.Qf4 Qxf4 17.exf4 Rd8 18.f3 Rxd4 19.Rad1 Nh6 20.g4 Bxg4 21.fxg4 Nhxg4 22.Bc1 c5
23.Nb5 Rb4 24.Nd6 h5 25.Bxf7+ Kf8 26.a3 Rb6 27.Ba2 h4 28.Nc4 Ra6 29.Ne5 b5
30.Ng6+  1-0

[Event "Autumn Open"]
[Site "St Petersburg RUS"]
[Date "2005.11.05"]
[Round "8"]
[White "Churkin,V"]
[Black "Golovankov,V"]
[Result "1-0"]
[WhiteElo "2301"]
[BlackElo "2314"]

1.d4 d5 2.c4 e6 3.Nc3 c6 4.Nf3 Nf6 5.e3 Nbd7 6.Bd3 Bd6 7.O-O O-O 8.e4 dxc4
9.Bxc4 e5 10.Bb3 Qe7 11.Be3 exd4 12.Bxd4 Ne5 13.Nxe5 Bxe5 14.Bxe5 Qxe5 15.f4 Qc5+
16.Kh1 Ng4 17.Qf3 Kh8 18.h3 Qh5 19.f5 Nf6 20.e5 Qxf3 21.Rxf3 Nd7 22.e6 Nc5
23.e7 Re8 24.Rd1 Bd7 25.Re3 Kg8 26.Bc2 a5 27.Re5 f6 28.Rxc5 Rxe7 29.Rc4 Rae8
30.Rcd4 Re1+ 31.Kh2 Rxd1 32.Rxd1 Re7 33.Rd2 Kf8 34.Re2 b5 35.Rxe7 Kxe7 36.Kg3 Kd6
37.Kf4 a4 38.g4 h6 39.Ne4+ Kd5 40.b4 axb3 41.Bxb3+ Kd4 42.Be6  1-0

[Event "9th Bavarian Open"]
[Site "Bad Wiessee GER"]
[Date "2005.11.06"]
[Round "9"]
[White "Hoffmann,Mi1"]
[Black "Bobras,P"]
[Result "1/2-1/2"]
[WhiteElo "2443"]
[BlackElo "2563"]

1.d4 d5 2.c4 c6 3.Nf3 Nf6 4.Nc3 e6 5.e3 Nbd7 6.Qc2 Bd6 7.Bd3 O-O 8.O-O dxc4
9.Bxc4 a6 10.a4 c5 11.Rd1 Qc7 12.dxc5 Bxc5 13.b3 b6 14.Bb2 Bb7 15.Bd3 Bd6
16.Ne4 Qxc2 17.Nxf6+ Nxf6 18.Bxc2 Bc5 19.Nd2 Rfc8 20.Bxf6 gxf6 21.Be4 Rab8
22.g4 Be7  1/2-1/2

[Event "TCh-CZE Extraliga 2005-6"]
[Site "Czech Rep CZE"]
[Date "2005.11.06"]
[Round "4"]
[White "Pesout,J"]
[Black "Petr,Ma"]
[Result "1/2-1/2"]
[WhiteElo "2253"]
[BlackElo "2387"]

1.d4 e6 2.c4 d5 3.Nc3 c6 4.Nf3 Nf6 5.e3 Nbd7 6.Bd3 dxc4 7.Bxc4 b5 8.Bd3 Bb7
9.O-O b4 10.Na4 c5 11.dxc5 Bxc5 12.Nxc5 Nxc5 13.Bb5+ Ke7 14.b3 Qb6 15.Bc4 Rhd8
16.Qe2 Nce4 17.Bb2 Nc3 18.Bxc3 bxc3 19.Rac1 Ne4 20.Rc2 Rac8 21.Rfc1 Kf8 22.h3 Qa5
23.Nd4 e5 24.Qh5 Nd6 25.Rxc3 g6 26.Qh6+ Kg8 27.Nf3 Bxf3 28.gxf3 Nxc4 29.bxc4 Qxa2
30.R3c2 Rd1+ 31.Kg2 Qb3 32.Rc3 Qb4 33.Qh4 Rd2 34.Qe4 Qc5 35.Qb1 a5 36.Qb5 Qe7
37.R3c2 Qg5+ 38.Kf1 Rxc2 39.Rxc2 Qf5 40.Rd2 Qxf3 41.Qxe5 Qxh3+ 42.Ke1 a4
43.c5 h5 44.Qf6 Qe6 45.Qxe6 fxe6 46.Ra2 Rxc5 47.Rxa4 Rc1+ 48.Ke2 Kg7 49.f4 h4
50.Kf3 Rg1 51.Ra7+ Kh6 52.Ra8 Rg3+ 53.Kf2 Kg7 54.Ra7+ Kf6 55.Rh7 Rh3 56.Ra7 Rh1
57.Kg2 Re1 58.Kf2 Rb1 59.Rh7 g5 60.Rh6+ Kf5 61.fxg5 Kg4 62.g6 Rb2+ 63.Ke1 Rb8
64.g7 Rg8 65.Rxe6 Rxg7 66.Rh6 Rf7 67.Ke2  1/2-1/2

[Event "TCh-CZE Extraliga 2005-6"]
[Site "Czech Rep CZE"]
[Date "2005.11.06"]
[Round "4"]
[White "Tibensky,R"]
[Black "Holemar,D"]
[Result "1/2-1/2"]
[WhiteElo "2432"]
[BlackElo "2287"]

1.d4 d5 2.c4 c6 3.e3 Nf6 4.Nc3 e6 5.Nf3 Nbd7 6.Qc2 Bd6 7.e4 dxe4 8.Nxe4 Nxe4
9.Qxe4 O-O 10.Bd3 Nf6 11.Qh4 Bb4+ 12.Ke2 Be7 13.Bg5 Re8 14.Bxf6 Bxf6 15.Qxh7+ Kf8
16.Qe4 c5 17.dxc5 Qc7 18.Rab1 Bd7 19.Qe3 a5 20.Rhd1 e5 21.Be4 Bg4 22.b3 Be7
23.h3 Bxc5 24.Qg5 Bxf3+ 25.gxf3 Ra6 26.Rd5 Rd6 27.Rg1 g6 28.Qh6+ Ke7 29.Qg7 Kd8
30.Rgd1 Bd4 31.Qf6+ Kd7 32.Qxf7+ Re7 33.Qxg6 Rxd5 34.Bxd5 Qc5 35.Bxb7 Kc7
36.Qe4 Qb6 37.Ba8 Kb8 38.Rg1 Bxf2 39.Rg6 Qc5 40.Rg8+ Ka7 41.Bc6 Bg1 42.Bb5 Qf2+
43.Kd3 Qf1+ 44.Kc2 Qf2+ 45.Kc3 Rb7 46.Rg6 Qc5 47.Ra6+ Kb8 48.Rxa5 Bd4+ 49.Kd3 Qb4
50.Ra6 Qc3+ 51.Ke2 Qb2+ 52.Kd1 Qa1+ 53.Ke2  1/2-1/2

[Event "1st Open"]
[Site "Piacenza ITA"]
[Date "2005.11.06"]
[Round "5"]
[White "Pace,P"]
[Black "Tencati,G"]
[Result "0-1"]
[WhiteElo "2233"]
[BlackElo "2132"]

1.d4 d5 2.c4 c6 3.Nf3 e6 4.e3 Nf6 5.Nc3 Nbd7 6.Qc2 Bd6 7.b3 O-O 8.Bd3 dxc4
9.bxc4 e5 10.O-O Re8 11.Bb2 Qe7 12.Nd2 Nf8 13.h3 Ng6 14.Nde4 Bc7 15.d5 Rd8
16.a4 Nxe4 17.Bxe4 Bd7 18.Rfd1 Qg5 19.Bxg6 hxg6 20.Ne4 Bf5 21.Nxg5 Bxc2 22.Rdc1 Bf5
23.e4 Bc8 24.Nf3 f6 25.Nd2 b6 26.Nf1 Bb7 27.a5 bxa5 28.Ne3 Rac8 29.c5 Rd7
30.d6 Bd8 31.Bc3 Ba6 32.Rd1 Kf7 33.g3 g5 34.Ra3 Bb5 35.Bxa5 Bxa5 36.Rxa5 Rb8
37.f4 gxf4 38.gxf4 exf4 39.Nc2 a6 40.Nd4 Re8 41.Re1 Re5 42.Nb3 f5 43.Nd2 fxe4
44.Rxe4 Rxc5 45.Rxf4+ Ke6 46.Ne4 Rc1+ 47.Kg2 Ke5 48.Rg4 Re1 49.Ng5 Kxd6 50.Ra2 Kc7
51.Kf2 Rf1+  0-1

[Event "zt 2.5"]
[Site "Las Condes CHI"]
[Date "2005.11.07"]
[Round "1"]
[White "Avalos,J"]
[Black "Henriquez,M"]
[Result "1/2-1/2"]
[WhiteElo "2268"]
[BlackElo "2090"]

1.d4 d5 2.c4 c6 3.Nf3 Nf6 4.e3 e6 5.Nc3 Nbd7 6.Qc2 Be7 7.b3 b6 8.Bd3 Bb7
9.O-O c5 10.cxd5 Nxd5 11.Nxd5 Bxd5 12.e4 Bb7 13.Bb2 cxd4 14.Bxd4 Bf6 15.e5 Be7
16.Rad1 Rc8 17.Qe2 Rc7 18.Be3 Qa8 19.Bb5 Bd5 20.Rc1 Qd8 21.Rxc7 Qxc7 22.Rc1 Qd8
23.Qc2 O-O 24.Qc7 Ba3 25.Bg5 f6 26.exf6 Nxf6 27.Qxd8 Rxd8 28.Rd1 Rc8 29.Nd4 Kf7
30.Ba6 Rc5 31.Nb5 Bxb3 32.axb3 Rxg5 33.Kf1 Bc5 34.f3 Nd5 35.Rd2 Ne3+ 36.Ke2 Rxg2+
37.Kd3 Rxd2+ 38.Kxd2 Nf1+ 39.Ke2 Nxh2 40.Nxa7 g5 41.Nc6 Kf6 42.Bc8 e5 43.b4 Bg1
44.Bd7 h5 45.Be8 g4 46.Bxh5 gxf3+ 47.Bxf3 Nxf3 48.Kxf3 Ke6 49.Ke4 Bh2 50.Na7 Kd6
51.Nb5+ Kc6 52.Na7+ Kd6 53.Nb5+ Ke6 54.Nc7+ Ke7 55.Nb5 Bg3 56.Kd5  1/2-1/2

[Event "ch-CRO"]
[Site "Vukovar CRO"]
[Date "2005.11.07"]
[Round "1"]
[White "Kovacevic,B"]
[Black "Rogic,D"]
[Result "0-1"]
[WhiteElo "2493"]
[BlackElo "2520"]

1.d4 d5 2.c4 c6 3.e3 Nf6 4.Nc3 e6 5.Nf3 Nbd7 6.Qc2 Bd6 7.Bd2 O-O 8.O-O-O Ng4
9.Be1 f5 10.h3 Nh6 11.Be2 a6 12.Nd2 b6 13.f4 Bb7 14.cxd5 cxd5 15.Kb1 b5 16.Rc1 Rc8
17.Qd1 Nb6 18.Bf3 Rf7 19.Ne2 Nc4 20.Nxc4 bxc4 21.g4 Kh8 22.Nc3 Bc6 23.g5 Ng8
24.g6 Rb7 25.gxh7 Nf6 26.Rh2 Rcb8 27.Rg2 Qd7 28.Ka1 a5 29.h4 a4 30.a3 Rb3
31.Re2 Qb7 32.Qc2 Qe7 33.Na2 Be8 34.Bc3 Bh5 35.Bxh5 Nxh5 36.Rg1 Nf6 37.Reg2 Ng4
38.Rxg4 fxg4 39.Nb4 Bxb4 40.Bxb4 R8xb4 41.axb4 a3 42.Qg6 axb2+ 43.Kb1 Rxb4
44.h5 Rb8 45.h6 gxh6 46.e4 Qg7 47.Qxe6 Qxd4  0-1

[Event "WJun"]
[Site "Instanbul TUR"]
[Date "2005.11.09"]
[Round "1"]
[White "Lenic,L"]
[Black "Ouakhir,M"]
[Result "1-0"]
[WhiteElo "2476"]
[BlackElo "2239"]

1.d4 d5 2.c4 e6 3.Nf3 c6 4.e3 Nf6 5.Nc3 Nbd7 6.Qc2 Bd6 7.b3 O-O 8.Be2 Re8
9.O-O h6 10.Rd1 Qe7 11.Bb2 dxc4 12.bxc4 e5 13.d5 cxd5 14.cxd5 a6 15.a4 e4
16.Nd2 Nf8 17.Nc4 Bg4 18.h3 Bxe2 19.Nxe2 Rac8 20.Qb3 Ng4 21.Rab1 Rc7 22.Ng3 Nf6
23.Nxd6 Qxd6 24.Bxf6 Qxf6 25.Rd4 Rec8 26.Nxe4 Qg6  1-0

[Event "FSGM November"]
[Site "Budapest HUN"]
[Date "2005.11.10"]
[Round "6"]
[White "Turov,M"]
[Black "Erdos,V"]
[Result "1/2-1/2"]
[WhiteElo "2546"]
[BlackElo "2522"]

1.Nf3 d5 2.c4 c6 3.d4 Nf6 4.Nc3 e6 5.e3 Nbd7 6.Qc2 Bd6 7.g4 dxc4 8.g5 Nd5
9.Bxc4 Nxc3 10.bxc3 Qe7 11.Nd2 c5 12.Ne4 b6 13.Bd3 Bb7 14.f4 h6 15.Rg1 hxg5  1/2-1/2

[Event "zt 2.5"]
[Site "Las Condes CHI"]
[Date "2005.11.10"]
[Round "7"]
[White "Vargas,I"]
[Black "Henriquez,M"]
[Result "1-0"]
[WhiteElo "2213"]
[BlackElo "2090"]

1.d4 d5 2.Nf3 Nf6 3.c4 c6 4.Nc3 e6 5.e3 Nbd7 6.Qc2 Bb4 7.cxd5 exd5 8.Bd3 O-O
9.O-O Re8 10.a3 Ba5 11.b4 Bc7 12.a4 Nf8 13.h3 Ng6 14.b5 Bd7 15.Bf5 Rc8 16.bxc6 bxc6
17.Ba3 Ne4 18.Bxd7 Qxd7 19.Rab1 Qf5 20.Rb7 Bb8 21.Rfb1 h6 22.a5 Qe6 23.Na4 Ng5
24.Nxg5 hxg5 25.Nc5 Qd6 26.g3 Ne7 27.Kg2 g6 28.R1b3 Nf5 29.Nd7  1-0

[Event "zt 2.5"]
[Site "Las Condes CHI"]
[Date "2005.11.10"]
[Round "7"]
[White "Valdes Escobar,A"]
[Black "Romero Pino,C"]
[Result "0-1"]
[WhiteElo "2254"]
[BlackElo "2226"]

1.c4 e6 2.Nc3 d5 3.d4 c6 4.e3 Nf6 5.Nf3 Nbd7 6.Bd3 dxc4 7.Bxc4 b5 8.Bd3 a6
9.O-O c5 10.e4 cxd4 11.Nxd4 Bb7 12.Bg5 Be7 13.a3 O-O 14.Re1 Ne5 15.Bc2 h6
16.Bh4 Qb6 17.Nb3 Rac8 18.Qe2 Rfd8 19.Kh1 Kf8 20.f4 Nc4 21.e5 Nd5 22.Nxd5 Bxd5
23.Bxe7+ Kxe7 24.Be4 Bxe4 25.Qxe4 Nxb2 26.f5 exf5 27.Qxf5 Nd3 28.Re2 Qe6
29.Qxe6+ Kxe6 30.h3 Nxe5  0-1

[Event "WJun"]
[Site "Instanbul TUR"]
[Date "2005.11.11"]
[Round "3"]
[White "Kharitonov,Alexandr"]
[Black "Karakehajov,K"]
[Result "1/2-1/2"]
[WhiteElo "2545"]
[BlackElo "2396"]

1.d4 d5 2.c4 e6 3.Nc3 c6 4.e3 Nf6 5.Nf3 Nbd7 6.Bd3 Be7 7.O-O O-O 8.e4 dxe4
9.Nxe4 c5 10.Nxc5 Nxc5 11.dxc5 Qc7 12.Qe2 Qxc5 13.Bg5 h6 14.Bh4 Bd7 15.Ne5 Rfd8
16.Rad1 Be8 17.Kh1 a6 18.a3 Ba4 19.Rd2 Bb3 20.f4 b5 21.cxb5 axb5 22.Bf2 Qc7
23.Bxb5 Rxd2 24.Qxd2 Ne4 25.Qe2 Bd5 26.Be3 Qb7 27.Bc4 Bf6 28.Bxd5 exd5 29.Bd4 Rc8
30.Qd3 Bxe5 31.fxe5 Rc4 32.b3 Rc6 33.Kg1 Qc8 34.a4 Rc2 35.Rd1 Ra2 36.h3 Qf5
37.Qb1 Re2 38.Qd3 Ra2 39.Qf3 Qxf3 40.gxf3 Nd2 41.Be3 Nxf3+ 42.Kf1 Nh2+  1/2-1/2

[Event "4NCL 2006-07"]
[Site "Coventry ENG"]
[Date "2005.11.12"]
[Round "4"]
[White "James,Dav"]
[Black "Eames,R"]
[Result "1-0"]
[WhiteElo "2216"]
[BlackElo "2311"]

1.Nf3 Nf6 2.c4 e6 3.Nc3 d5 4.d4 c6 5.e3 Nbd7 6.Bd3 dxc4 7.Bxc4 b5 8.Bd3 a6
9.e4 c5 10.d5 c4 11.Bc2 Qc7 12.dxe6 fxe6 13.O-O Bc5 14.a3 O-O 15.Qe2 Ng4
16.g3 Bb7 17.Nd1 Nde5 18.Nxe5 Nxe5 19.Be3 Nf3+ 20.Kg2 Rad8 21.Nc3 Qe5 22.Bxc5 Qxc5
23.Rad1 Nd4 24.Qe3 e5 25.f3 Rd6 26.Bb1 Rfd8 27.Qg5 Ne6 28.Qc1 a5 29.Rxd6 Rxd6
30.Rd1 Nd4 31.Qg5 Rf6 32.f4 Ne6 33.Qxe5 Qf8 34.Nd5 Bxd5 35.exd5 Nxf4+ 36.gxf4 Rxf4
37.Qe2 h5 38.Rf1  1-0